[Event "Mechanics' Spring TNM; G/2"]
[Site "San Francisco"]
[Date "2016.03.22"]
[Round "2.37"]
[White "Greene, Sam"]
[Black "Morgan, Jerry Dugl"]
[Result "0-1"]
[WhiteElo "916"]
[BlackElo "1653"]
[Annotator "Donaldson"]
[PlyCount "95"]
[EventDate "2016.??.??"]

1. d4 d5 2. c4 c6 3. Nc3 dxc4 4. e4 (4. e3 b5 5. a4 b4 6. Na2 e6 7. Bxc4 Nf6 8.
Nf3 Be7 9. O-O O-O 10. Qe2 Bb7 11. Rd1 Nbd7 12. Bd2 a5 13. Nc1 Qb6 14. Nb3 c5)
4... b5 5. Be2 Nf6 6. a3 e6 7. Be3 Bb7 8. f3 Nbd7 9. b3 cxb3 10. Qxb3 a6 11.
Bd3 c5 12. Qb2 cxd4 13. Bxd4 Bc5 14. Nge2 Bxd4 15. Nxd4 Nc5 16. Bxb5+ Nfd7 (
16... axb5 17. Qxb5+ Nfd7) 17. Bxd7+ Qxd7 18. Rd1 Qe7 19. O-O O-O 20. Kh1 Rab8
21. Qf2 Ba8 22. Rb1 Rxb1 23. Rxb1 Qg5 24. Nde2 Rd8 25. f4 Nd3 26. Qg3 Qc5 27.
Rd1 Nf2+ (27... Qc4 28. Nd5 exd5 29. Qxd3 $11) (27... Qf2 $1 28. Rxd3 (28. Rd2
f5) 28... Qf1+ 29. Ng1 Rxd3) 28. Qxf2 Rxd1+ 29. Nxd1 Qa5 30. Ndc3 h6 31. h3 Bc6
32. a4 Bxa4 33. Nxa4 Qxa4 34. Qd4 Qb5 35. Qd1 Qb4 36. Nc1 Qxe4 37. Qd8+ Kh7 38.
Qd3 Qxd3 39. Nxd3 a5 40. Nc5 Kg6 41. g3 (41. g4) 41... Kf5 42. Kg2 g5 43. fxg5
hxg5 44. Kf3 f6 45. g4+ $2 (45. h4 $1) 45... Ke5 46. Nd7+ Kd4 47. Nxf6 a4 48.
Ne4 $2 (48. h4 gxh4 49. g5 a3 50. g6 a2 51. g7 a1=Q 52. g8=Q Qf1+ 53. Kg4 Qxf6
54. Qb8) 0-1

[Event "Mechanics' Spring TNM; G/2"]
[Site "San Francisco"]
[Date "2016.05.03"]
[Round "8.40"]
[White "Greene, Sam"]
[Black "Robertson, Guy"]
[Result "0-1"]
[WhiteElo "1019"]
[BlackElo "1475"]
[Annotator "Donaldson"]
[PlyCount "43"]
[EventDate "2016.??.??"]

1. d4 Nf6 2. c4 d6 3. Nc3 g6 4. Bg5 Bg7 5. e4 O-O 6. Be2 e5 $4 {
Diagram [#] Exactly the move the Averbakh variation (Be2 +Bg5) prevents.} 7.
dxe5 $1 dxe5 8. Qxd8 Rxd8 9. Nd5 Rxd5 10. cxd5 $2 (10. exd5 {
Black is an exchange down for nothing.}) 10... Nxe4 11. Be7 Nd7 12. f3 Nd6 13.
Rc1 Nf5 14. Ba3 Ne3 15. Rxc7 Nxd5 16. Rc1 Nf4 17. Kf2 Nb6 18. Bd1 Nd3+ 19. Ke2
Nxc1+ 20. Kd2 Nxa2 21. Kc2 Nd5 22. Nh3 0-1

[Event "Mechanics' Summer TNM; G/2"]
[Site "San Francisco"]
[Date "2016.06.07"]
[Round "3.17"]
[White "Greene, Sam"]
[Black "Wang, Yuan"]
[Result "0-1"]
[WhiteElo "1398"]
[BlackElo "2054"]
[PlyCount "48"]
[EventDate "2016.??.??"]

1. e4 c5 2. Nf3 d6 3. d4 cxd4 4. Nxd4 Nf6 5. Nc3 g6 6. Be3 Bg7 7. Qd2 Ng4 8.
O-O-O Nxe3 9. Qxe3 O-O 10. h4 Nc6 11. Nf3 Qa5 12. Rd5 Qc7 13. h5 Be6 14. Rd1
Na5 15. Nd5 Bxd5 16. exd5 Nc4 17. Bxc4 Qxc4 18. Kb1 Rac8 19. Rd2 Rc5 20. c3
Rxd5 21. hxg6 hxg6 22. Rxd5 Qxd5 23. Qxe7 Qb5 24. b3 $4 Qd3+ 0-1

[Event "Mechanics' Winter TNM; G/2"]
[Site "San Francisco"]
[Date "2016.02.16"]
[Round "7.33"]
[White "Greene, Sammy"]
[Black "Pintor, Michael"]
[Result "0-1"]
[WhiteElo "916"]
[BlackElo "1339"]
[PlyCount "143"]
[EventDate "2016.??.??"]

1. d4 Nf6 2. c4 e6 3. Nc3 d5 4. e3 c5 5. Nf3 Nc6 6. b3 b6 7. Bb2 Be7 8. Ne5 Bb7
9. Be2 cxd4 10. exd4 O-O 11. O-O Bd6 12. Nb5 Bb8 13. Rc1 a6 14. cxd5 Nxe5 15.
dxe5 Nxd5 16. Na3 Qg5 17. Bf3 Bxe5 18. Bxe5 Qxe5 19. Nc4 Qb8 20. Bxd5 Bxd5 21.
Qd4 Bxc4 22. Rxc4 Rd8 23. Qg4 Qe5 24. Rfc1 h6 25. Qf3 Qd5 26. Qg4 Kh7 27. Rc7
Qg5 28. Qxg5 hxg5 29. Rxf7 Kg6 30. Rb7 Rac8 31. Rf1 Rc6 32. h3 Rd2 33. Ra1 Kf6
34. b4 b5 35. a4 bxa4 36. Rxa4 Rc1+ 37. Kh2 Rxf2 38. Ra3 Rcc2 39. Rg3 Ra2 40.
h4 Rf5 41. hxg5+ Rxg5 42. Rxg5 Kxg5 43. Rxg7+ Kf6 44. Rg3 Rb2 45. Ra3 Rxb4 46.
Rxa6 Kf5 47. Kh3 e5 48. Ra5 Rc4 49. Kg3 Rc3+ 50. Kf2 Kf4 51. Ra4+ e4 52. Rd4
Rb3 53. g3+ Ke5 54. Rd1 Rb2+ 55. Kg1 Rc2 56. Kf1 Rb2 57. g4 Kf4 58. Re1 Kf3 59.
g5 Rb6 60. Re2 Kf4 61. Kf2 Rg6 62. Ke1 Rxg5 63. Rf2+ Ke5 64. Rh2 Rg1+ 65. Ke2
Rg3 66. Ke1 Rc3 67. Rg2 Kd4 68. Rd2+ Rd3 69. Rxd3+ exd3 70. Kd2 Ke4 71. Kd1 Ke3
72. Kc1 $4 0-1

[Event "Mechanics' Winter TNM; G/2"]
[Site "San Francisco"]
[Date "2016.01.05"]
[Round "1.15"]
[White "Grey, Peter G"]
[Black "Boldi, Ethan Vaugh"]
[Result "1-0"]
[WhiteElo "2000"]
[BlackElo "1528"]
[PlyCount "81"]
[EventDate "2016.??.??"]

1. Nf3 d5 2. d4 c5 3. g3 Nc6 4. Bg2 Nf6 5. O-O Bf5 6. c4 e6 7. cxd5 exd5 8. Nc3
Be6 9. Qa4 Bd7 10. dxc5 Bxc5 11. Qb5 b6 12. Qd3 Nb4 13. Qd1 Bf5 14. Bg5 O-O 15.
a3 Nc6 16. b4 Be7 17. Rc1 Be6 18. Nb5 Rc8 19. Nfd4 Nxd4 20. Qxd4 a6 21. Na7 Rc4
22. Rxc4 dxc4 23. Qxd8 Bxd8 24. b5 axb5 25. Nxb5 h6 26. Bf4 Nd5 27. Bd6 Re8 28.
Rc1 Bf6 29. Rxc4 Nc3 30. Rxc3 Bxc3 31. Nxc3 Rc8 32. Bb4 g5 33. f4 f5 34. Kf2 g4
35. Nd5 Bxd5 36. Bxd5+ Kg7 37. Be6 Rc1 38. Bxf5 h5 39. h3 Kf6 40. hxg4 hxg4 41.
Bxg4 1-0

[Event "Mechanics' Summer TNM; G/2"]
[Site "San Francisco"]
[Date "2016.06.28"]
[Round "6.22"]
[White "Guduguntla, Sriharsha"]
[Black "Shnaiderman, Lazar"]
[Result "1/2-1/2"]
[WhiteElo "1574"]
[BlackElo "1808"]
[Annotator "Donaldson"]
[PlyCount "88"]
[EventDate "2016.??.??"]

1. d4 Nf6 2. Nf3 e6 3. e3 c5 4. Bd3 b6 5. O-O Bb7 6. b3 Be7 7. Nbd2 d5 8. Bb2
Nc6 9. Ne5 O-O 10. a3 Qc7 11. f4 Nxe5 12. dxe5 Ne4 13. Bxe4 dxe4 14. Qg4 Rfd8
15. Nc4 Ba6 16. f5 Bxc4 17. f6 Bf8 18. bxc4 Qc6 19. Rf2 g6 20. h4 h6 21. Raf1
Kh7 22. g3 Rd7 23. Rh2 Rad8 24. Bc3 Qa4 25. h5 Qxc4 26. hxg6+ fxg6 27. Be1 Rf7
28. Qf4 Rd1 29. g4 Qd5 30. Kg2 g5 $4 {Diagram [#]} 31. Qg3 (31. Qxg5 Rxe1 32.
Qh5 $3 (32. Rxe1 $4 Qd2+ 33. Kh3 Qxh2+ $19) 32... Qd2+ 33. Rf2 Qd7 34. g5 Kg8
35. Qg6+ Kh8 36. Rxh6+ Bxh6 37. Qxh6+ Kg8 38. g6 Rh7 39. gxh7+ Qxh7 40. Qxh7+
Kxh7 41. f7 $18) 31... Qc4 32. Kg1 Rc1 33. Qh3 Rxc2 34. Qh5 Rc7 35. Rxc2 Qxc2
36. Qe8 Qe2 37. Qxe6 Qxe3+ 38. Bf2 Qf4 39. Be1 Qe3+ 40. Kg2 Qe2+ 41. Kg1 c4 $2
(41... Qe3+ $11) 42. Qf5+ Kh8 43. Bf2 $2 (43. f7 $1 Qe3+ 44. Kg2 Qe2+ 45. Rf2
Qxe1 46. Qg6 $18) 43... Qf3 (43... e3 $11) 44. Qe6 $2 (44. e6 $1 $16) 44... Bc5
1/2-1/2

[Event "Mechanics' Winter TNM; G/2"]
[Site "San Francisco"]
[Date "2016.02.23"]
[Round "8.19"]
[White "Hack, Richard"]
[Black "Bachseitz, Martin"]
[Result "0-1"]
[WhiteElo "1654"]
[BlackElo "1763"]
[Annotator "Donaldson"]
[PlyCount "34"]
[EventDate "2016.??.??"]

1. e4 e5 2. Nf3 Nc6 3. Bb5 a6 4. Ba4 Nf6 5. O-O Be7 6. Re1 b5 7. Bb3 O-O 8. a4
Bb7 9. c3 d5 10. axb5 axb5 11. Rxa8 Bxa8 12. exd5 Nxd5 13. Nxe5 (13. Na3) (13.
d3) 13... Nxe5 14. Rxe5 Nf4 15. f3 (15. d4 Nxg2 16. Qg4 Nh4 17. Nd2 $19) 15...
Nd3 16. Rxb5 {Diagram #} c6 (16... Bd6 {are also strong.}) (16... Bc6) 17. Rb8
(17. Rh5 Qb6+) 17... Qxb8 0-1

[Event "Mechanics' Summer TNM; G/2"]
[Site "San Francisco"]
[Date "2016.07.12"]
[Round "8.23"]
[White "Hack, Richard"]
[Black "Bekhtur, Bayaraa"]
[Result "1-0"]
[WhiteElo "1577"]
[BlackElo "1816"]
[Annotator "Donaldson"]
[PlyCount "32"]
[EventDate "2016.??.??"]

1. e4 c5 2. Nf3 d6 3. d4 cxd4 4. Nxd4 Nf6 5. Nc3 a6 6. Bc4 Qc7 7. Bb3 Nbd7 8.
Be3 Nc5 9. f3 b5 10. O-O e5 11. Nde2 Be7 12. a4 Nxb3 13. cxb3 b4 14. Nd5 Nxd5
15. exd5 Bb7 16. Rc1 Qa5 {White has some compensation for the pawn after 17.
Qc2 but Black has the better chances.} 1-0

[Event "Mechanics' Alan Benson TNM; G/2"]
[Site "San Francisco"]
[Date "2016.08.23"]
[Round "4.37"]
[White "Hack, Richard"]
[Black "Boldi, Nicholas Ar"]
[Result "1-0"]
[WhiteElo "1611"]
[BlackElo "1160"]
[Annotator "Donaldson"]
[PlyCount "111"]
[EventDate "2016.??.??"]

1. e4 e6 2. d4 d5 3. Nc3 Nf6 4. e5 Nfd7 5. f4 c5 6. Nf3 Nc6 7. Be3 Qb6 8. Na4
Qa5+ 9. c3 cxd4 10. Nxd4 $2 (10. b4 {
is the complicated theoretical continuation.}) 10... Nxd4 11. Qxd4 $4 {
This drops a piece.} (11. Bxd4 b5 12. Nc5 Nxc5 13. b4 Qb6 14. bxc5 Bxc5 $17 {
was not pleasant for White but had to be tried.}) 11... b5 12. b4 Qxa4 13. f5
Nb6 14. f6 Nd7 15. Bg5 a5 16. fxg7 Bxg7 17. Bf6 Bxf6 18. exf6 axb4 19. cxb4 Qc2
20. Bxb5 Qe4+ 21. Qxe4 dxe4 22. O-O Kf8 $6 (22... Ba6 $19) 23. Rad1 Ra7 $2 (
23... e3 24. Rxd7 (24. Bxd7 e2) 24... Bxd7 25. Bxd7 Rg8 $17) 24. Rd4 $2 (24.
Rc1 $1 Ra8 25. Rc7 $16) 24... Rg8 (24... Rc7 $1 {hold everything together.} 25.
Rfd1 Nxf6) 25. Rc1 $1 Ra8 (25... Nxf6) 26. Bxd7 Bxd7 27. Rxd7 Rg6 28. Rcd1 (28.
b5 $1 Rxf6 29. b6 $18) 28... Rxf6 29. Rd8+ Rxd8 30. Rxd8+ Ke7 31. Rd4 Rf4 $2 (
31... e3 32. Re4 Rf2 33. a4 Ra2 $11) 32. g3 Rg4 (32... Rf3 {
the rook must be kept active.}) 33. b5 Rg5 34. a4 Re5 35. b6 e3 36. Kf1 Rf5+
37. Ke2 Rf2+ 38. Kxe3 Rb2 39. a5 Rb5 40. Kd3 $2 (40. Ra4 $18) 40... Rxa5 41.
Kc4 $2 (41. Rb4) 41... Ra4+ $1 42. Kc5 Rxd4 43. Kxd4 Kd6 44. g4 Kc6 45. g5 Kxb6
46. h4 Kc6 47. Ke5 Kc5 $4 (47... Kd7 48. Kf6 Ke8 49. Kg7 e5 50. Kxh7 e4 51. h5
e3 52. g6 fxg6 53. hxg6 e2 54. g7 e1=Q 55. g8=Q+ {draw}) 48. h5 Kc6 49. Kf6 e5
(49... Kd5 50. Kxf7 e5 51. g6 hxg6 52. hxg6 e4 53. g7 e3 54. g8=Q) 50. Kxe5 Kd7
51. Kf6 Ke8 52. Kg7 Ke7 53. Kxh7 Kf8 54. g6 f5 55. g7+ Ke7 56. g8=Q 1-0

[Event "Mechanics' Winter TNM; G/2"]
[Site "San Francisco"]
[Date "2016.01.12"]
[Round "2.34"]
[White "Hack, Richard"]
[Black "Capdeville, Barry"]
[Result "1-0"]
[WhiteElo "1654"]
[BlackElo "1273"]
[PlyCount "99"]
[EventDate "2016.??.??"]

1. e4 e5 2. Nf3 Nf6 3. Nxe5 d6 4. Nf3 Nxe4 5. d4 d5 6. Bd3 Be7 7. O-O O-O 8.
Re1 Bf5 9. Nbd2 Nxd2 10. Bxf5 Nxf3+ 11. Qxf3 c6 12. Qh3 g6 13. Bd3 Bf6 14. c3
Nd7 15. Bf4 Re8 16. Kf1 Nf8 17. Rxe8 Qxe8 18. Re1 Qd7 19. Qg3 Re8 20. Be3 Ne6
21. f4 Ng7 22. Bd2 Rxe1+ 23. Qxe1 Nf5 24. g4 Nh4 25. Qe2 h5 26. h3 Qe7 27. Kf2
Qxe2+ 28. Bxe2 Be7 29. gxh5 f5 30. hxg6 Nxg6 31. c4 Bh4+ 32. Kg2 Nf8 33. cxd5
cxd5 34. Bf3 Kg7 35. Bxd5 b6 36. Bb4 Nd7 37. Be6 Nf6 38. d5 a5 39. Bc3 Kg6 40.
Bd4 b5 41. Bb6 a4 42. d6 Ne8 43. d7 Nd6 44. d8=Q Bxd8 45. Bxd8 Nf7 46. Be7 Nh6
47. Bd7 Ng8 48. Bg5 Nf6 49. Bxf6 Kxf6 50. Bxb5 1-0

[Event "Mechanics' Alan Benson TNM; G/2"]
[Site "San Francisco"]
[Date "2016.08.30"]
[Round "5.21"]
[White "Hack, Richard"]
[Black "Clemens, Kristian"]
[Result "1/2-1/2"]
[WhiteElo "1611"]
[BlackElo "1959"]
[PlyCount "97"]
[EventDate "2016.??.??"]

1. e4 e5 2. Nf3 Nc6 3. Bb5 Nd4 4. Nxd4 exd4 5. O-O g6 6. d3 Bg7 7. f4 Ne7 8.
Nd2 O-O 9. Nf3 c6 10. Ba4 d5 11. e5 Nf5 12. Qe1 h5 13. Qf2 b5 14. Bb3 c5 15. a4
c4 16. Ba2 bxa4 17. Nxd4 cxd3 18. cxd3 Ne7 19. Nb5 Ba6 20. Nd6 Qd7 21. Rd1 Rad8
22. Be3 Kh8 23. Bxa7 f6 24. Qe3 fxe5 25. fxe5 Nf5 26. Nxf5 Rxf5 27. Bd4 Re8 28.
Rf1 Kh7 29. Rxf5 Qxf5 30. Bxd5 Bxd3 31. Bc6 Rf8 32. Bf3 Bh6 33. Qf2 Rc8 34. Be3
Rc2 35. Qe1 Be2 36. Bxh6 Bxf3 37. gxf3 Kxh6 38. Qe3+ Qg5+ 39. Qxg5+ Kxg5 40.
Rxa4 Rxb2 41. h4+ Kf5 42. Re4 Ke6 43. f4 Kd5 44. Ra4 Rb6 45. Kf2 Rb2+ 46. Kg3
Rb3+ 47. Kg2 Rb2+ 48. Kf3 Rb3+ 49. Kg2 1/2-1/2

[Event "Mechanics' Winter TNM; G/2"]
[Site "San Francisco"]
[Date "2016.01.26"]
[Round "4.37"]
[White "Hack, Richard"]
[Black "Enkh, Tergelsar"]
[Result "1-0"]
[WhiteElo "1654"]
[BlackElo "1038"]
[PlyCount "68"]
[EventDate "2016.??.??"]

1. e4 e5 2. Nf3 Nc6 3. Bb5 a6 4. Ba4 b5 5. Bb3 Bc5 6. c3 Nf6 7. d3 h6 8. O-O d6
9. h3 a5 10. a4 b4 11. d4 exd4 12. cxd4 Bb6 13. Re1 O-O 14. d5 Ne5 15. Nd4 Qd7
16. Nf5 Kh7 17. Be3 Bxe3 18. Rxe3 Nxe4 19. Bc2 Nf6 20. Nxd6+ Kh8 21. Nxc8 Nc4
22. Re2 Raxc8 23. Bb3 Nb6 24. Re5 Rfe8 25. Rxe8+ Rxe8 26. d6 cxd6 27. Nd2 Ne4
28. Nxe4 Rxe4 29. Bc2 Re5 30. Qd3 g6 31. Qd4 Nc8 32. f4 Qe6 33. fxe5 Qxe5 34.
Qxe5+ dxe5 1-0

[Event "Mechanics' Fall TNM; G/2"]
[Site "San Francisco"]
[Date "2016.11.01"]
[Round "3.35"]
[White "Hack, Richard"]
[Black "Frank, Robert H"]
[Result "1-0"]
[WhiteElo "1611"]
[BlackElo "1269"]
[PlyCount "85"]
[EventDate "2016.??.??"]

1. c4 c5 2. Nc3 Nc6 3. g3 Nf6 4. Bg2 e5 5. d3 Be7 6. Bg5 h6 7. Bxf6 Bxf6 8. Nf3
O-O 9. O-O d6 10. Nd2 Bg4 11. Nde4 Bf5 12. e3 Bxe4 13. dxe4 Qd7 14. Nd5 Bd8 15.
a3 Ne7 16. Nc3 a6 17. b4 b6 18. b5 axb5 19. Nxb5 Bc7 20. Qh5 Bd8 21. Bh3 Qc6
22. Bg2 Kh7 23. Rfd1 g6 24. Qe2 Nc8 25. f4 f6 26. Qd3 Be7 27. Nc3 Qd7 28. f5 g5
29. Bf3 Qe8 30. Qe2 Qf7 31. Bh5 Qg7 32. Nb5 Rg8 33. Bg6+ Kh8 34. Nc7 Bd8 35.
Nxa8 Qb7 36. Nxb6 Bxb6 37. Rab1 Qxe4 38. Rb3 Bc7 39. Qd3 Qxd3 40. Rdxd3 Ne7 41.
Rb7 Bd8 42. Rxd6 Nxg6 43. fxg6 1-0

[Event "Mechanics' Fall TNM; G/2"]
[Site "San Francisco"]
[Date "2016.10.18"]
[Round "1.8"]
[White "Hack, Richard"]
[Black "Gaffagan, Steven"]
[Result "0-1"]
[WhiteElo "1611"]
[BlackElo "2096"]
[Annotator "Donaldson"]
[PlyCount "98"]
[EventDate "2016.??.??"]

1. e4 c5 2. Nf3 d6 3. d4 cxd4 4. Nxd4 Nf6 5. Nc3 a6 6. Bc4 e6 7. Be3 Be7 8. Bb3
Nc6 9. O-O O-O 10. f4 Qc7 11. f5 Nxd4 12. Bxd4 b5 13. a3 Rb8 14. Qd3 e5 15. Be3
Bb7 16. Nd5 Bxd5 17. exd5 Rfe8 18. Qe2 a5 19. c3 Qb7 20. Rfd1 Bd8 21. Kh1 Nd7
22. g4 Bb6 23. g5 Bxe3 24. Qxe3 Rbc8 25. f6 e4 26. Rf1 Nc5 27. Ba2 Nd3 28. fxg7
Rc7 29. Rf6 Kxg7 30. Rxd6 Qc8 31. Rb1 Qg4 32. Rf6 Re5 33. Rg1 Qh5 34. d6 Rd7
35. Rh6 Qf3+ 36. Qxf3 exf3 37. h3 Rxg5 $2 ({Natural but wrong.} 37... f2 38.
Rf1 Rxg5 {was an easy win.}) 38. Rxg5+ Kxh6 39. Rf5 (39. Rxb5 Rxd6 40. Rf5)
39... f2 40. Bb1 Rxd6 (40... Nxb2 41. Rxf2 Nc4) 41. Bxd3 Rxd3 42. Rxf2 Rxh3+
43. Kg2 Rd3 44. Rxf7 Rd2+ 45. Kg3 Rxb2 46. Ra7 a4 {Diagram [#]} 47. Kg4 $2 (47.
c4 {would have drawn.}) 47... Rg2+ 48. Kf3 Rc2 49. Rb7 (49. Rc7 Ra2 {wins})
49... Rxc3+ 0-1

[Event "Mechanics' Fall TNM; G/2"]
[Site "San Francisco"]
[Date "2016.11.29"]
[Round "7.31"]
[White "Hack, Richard"]
[Black "Harris, Clarence"]
[Result "1-0"]
[WhiteElo "1611"]
[BlackElo "1400"]
[PlyCount "45"]
[EventDate "2016.??.??"]

1. c4 Nf6 2. Nc3 g6 3. g3 Bg7 4. Bg2 O-O 5. Nf3 d6 6. d3 e5 7. Bd2 Bd7 8. b4
Nc6 9. Rb1 Qc8 10. O-O Bh3 11. Qc1 Nd4 12. Nxd4 exd4 13. Nb5 Bxg2 14. Kxg2 Ne8
15. Bh6 a6 16. Bxg7 Kxg7 17. Nxd4 c5 18. Nf3 b5 19. Qb2+ Kg8 20. Rfc1 Nc7 21.
cxb5 Qb7 22. bxc5 Qxb5 23. cxd6 1-0

[Event "Mechanics' Winter TNM; G/2"]
[Site "San Francisco"]
[Date "2016.02.09"]
[Round "6.37"]
[White "Hack, Richard"]
[Black "Hilliard, Michael"]
[Result "1-0"]
[WhiteElo "1654"]
[BlackElo "1400"]
[Annotator "Donaldson"]
[PlyCount "55"]
[EventDate "2016.??.??"]

1. e4 c6 2. d4 d5 3. e5 Bf5 4. Nf3 e6 5. Be2 c5 6. Nc3 cxd4 7. Nxd4 Bc5 8. Nxf5
exf5 9. Bb5+ Nc6 10. O-O Nge7 11. Qe2 O-O 12. Na4 b6 13. Nxc5 bxc5 14. c3 Qc7
15. e6 f6 16. Rd1 Rfd8 17. Rd3 Qa5 $2 18. Rh3 $1 a6 {Diagram #} 19. Qh5 $1 Rd6
(19... h6 20. Qf7+ Kh8 21. Bxh6) 20. Qxh7+ Kf8 21. Qh8+ Ng8 22. Bxc6 Rxe6 23.
Bh6 Ra7 24. Bxd5 Qb6 25. Bxe6 Qxe6 26. Re3 Qd5 27. Rae1 gxh6 28. Re8+ 1-0

[Event "Mechanics' Summer TNM; G/2"]
[Site "San Francisco"]
[Date "2016.06.21"]
[Round "5.24"]
[White "Hack, Richard"]
[Black "Mays, Jerry L"]
[Result "1-0"]
[WhiteElo "1577"]
[BlackElo "1945"]
[Annotator "Donaldson"]
[PlyCount "77"]
[EventDate "2016.??.??"]

1. e4 d6 2. d4 g6 3. c4 Bg7 4. Be3 c5 5. Nc3 cxd4 6. Bxd4 Nf6 7. f3 Nc6 8. Be3
O-O 9. Qd2 Qa5 10. Rd1 Nb4 11. a3 Nc6 12. Bd3 Ne5 13. Nge2 Be6 14. Nd5 Nxd3+
15. Kf1 Nxd5 {
This is pretty and leads to a winning position, but even simpler is} (15...
Qxd2 16. Rxd2 Bxd5 17. cxd5 Ne5 {with an extra piece.}) 16. cxd5 Qxd2 17. Rxd2
Nxb2 18. dxe6 fxe6 19. Bg5 Rf7 20. Rc2 d5 21. exd5 Rf5 22. Bxe7 Rxd5 23. Kf2
Rd7 24. Bg5 h6 25. Be3 Nd1+ 26. Rxd1 Rxd1 27. Nf4 Ra1 28. Rc7 Ra2+ 29. Kg3 g5
30. Ng6 Rxa3 31. Bd2 Rd3 32. Bc1 b5 33. Rb7 a6 34. h4 Bf6 35. hxg5 hxg5 36. Kg4
Rc8 37. Bxg5 Bxg5 38. Kxg5 Rc2 $2 (38... Rcd8 39. Ne7+ (39. Kf6 $2 R3d7 $19)
39... Kf8 40. Ng6+ $11) 39. Kf6 1-0

[Event "Mechanics' Alan Benson TNM; G/2"]
[Site "San Francisco"]
[Date "2016.08.02"]
[Round "1.8"]
[White "Hack, Richard"]
[Black "O'Connor, Derek"]
[Result "0-1"]
[WhiteElo "1611"]
[BlackElo "2094"]
[Annotator "Donaldson"]
[PlyCount "108"]
[EventDate "2016.??.??"]

1. e4 c6 2. d4 d5 3. e5 Bf5 4. Nf3 e6 5. Be2 Nd7 6. O-O Ne7 7. Nc3 a6 8. Be3
Ng6 9. Nd2 Ne7 10. g4 Bg6 11. h4 $6 (11. f4 $1) 11... h5 $1 12. gxh5 Bf5 13.
Bg4 Nxe5 $4 {Diagram [#]} (13... c5 $1) 14. Bxf5 (14. dxe5 Qc7 (14... d4 15.
Nc4 $18) 15. Bf3 Qxe5 $16) 14... Nxf5 15. Bg5 f6 16. dxe5 fxg5 17. Qg4 gxh4 18.
Qg6+ Kd7 19. Nf3 Qe8 20. Qxe8+ Rxe8 21. Ne2 Rxh5 22. Nf4 Rh6 23. Kh2 Bc5 24. c3
Rg8 25. Ng5 Be7 26. Rg1 Rf8 27. Ngh3 Rg8 28. Ng6 Ke8 29. Nxe7 Kxe7 30. Rg5 Rd8
31. Rag1 Kf7 32. Nf4 d4 33. Rg6 Rxg6 34. Rxg6 d3 35. Rg1 g5 36. Ng2 d2 37. Rd1
g4 38. Nf4 g3+ 39. Kg2 Rd7 40. Kf1 Ne7 41. fxg3 hxg3 42. Ke2 Ng6 43. Ng2 Nxe5
44. Rxd2 Rxd2+ 45. Kxd2 Kf6 46. Nf4 Kf5 47. Ng2 Nc4+ 48. Kc2 Ke4 49. Nh4 Ne3+
50. Kd2 g2 51. Nxg2 Nxg2 52. Ke2 a5 53. a4 Nf4+ 54. Kd2 Kf3 0-1

[Event "Mechanics' Fall TNM; G/2"]
[Site "San Francisco"]
[Date "2016.11.15"]
[Round "5.29"]
[White "Hack, Richard"]
[Black "Tuck, Drew"]
[Result "0-1"]
[WhiteElo "1611"]
[BlackElo "1341"]
[PlyCount "116"]
[EventDate "2016.??.??"]

1. e4 e5 2. Nf3 Nc6 3. Bb5 a6 4. Ba4 Nf6 5. O-O Be7 6. Re1 b5 7. Bb3 d6 8. c3
O-O 9. h3 Nb8 10. d4 Nbd7 11. Nbd2 Bb7 12. Bc2 Re8 13. Nf1 Bf8 14. Ng3 g6 15.
a4 c5 16. d5 c4 17. Be3 Qc7 18. Nh2 h5 19. h4 Nc5 20. Qd2 bxa4 21. Bxc5 Qxc5
22. Bxa4 Reb8 23. Nhf1 Ng4 24. Nh2 Bh6 25. Qe2 Bc8 26. Bc6 Ra7 27. Qc2 Qb6 28.
Nxg4 Bxg4 29. Ra2 Qd8 30. f3 Bc8 31. Qf2 Qxh4 32. Qxa7 Qxg3 33. Qf2 Bf4 34.
Qxg3 Bxg3 35. Rb1 f5 36. Ra5 fxe4 37. fxe4 Bg4 38. Rxa6 Be2 39. Ra8 Rxa8 40.
Bxa8 Kf7 41. b4 cxb3 42. Rxb3 Bf4 43. Rb7+ Kf6 44. Rd7 Be3+ 45. Kh2 Bc5 46. Rd8
Bd3 47. Rf8+ Kg5 48. Bc6 Bxe4 49. c4 Bd3 50. Rf3 e4 51. Rg3+ Kf6 52. Be8 e3 53.
Rf3+ Kg5 54. Rg3+ Kh6 55. Bxg6 Bxg6 56. Rxe3 Bxe3 57. Kg3 Bd3 58. Kf3 Bc5 0-1

[Event "Mechanics' Winter TNM; G/2"]
[Site "San Francisco"]
[Date "2016.02.02"]
[Round "5.30"]
[White "Hakobian, Sos"]
[Black "Hilliard, Michael"]
[Result "1-0"]
[WhiteElo "1639"]
[BlackElo "1400"]
[Annotator "Donaldson"]
[PlyCount "45"]
[EventDate "2016.??.??"]

1. e4 c6 2. d4 d5 3. exd5 cxd5 4. Nf3 e6 5. Bb5+ Nc6 6. O-O a6 7. Ba4 b5 8. Bb3
Nf6 9. c3 Bd6 10. Bg5 O-O 11. Re1 Re8 12. Ne5 Bb7 13. Nd2 Rc8 14. Ndf3 Be7 15.
Bc2 Nd7 $2 {Diagram [#]} (15... Ne4 $14) 16. Bxh7+ $1 Kf8 (16... Kxh7 17. Nxf7
$18) 17. Bxe7+ Rxe7 18. Bc2 Qc7 19. Qd3 Nf6 20. Ng5 $1 Ng8 21. Nexf7 Rce8 22.
Nh7+ Kxf7 23. Qg6# 1-0

[Event "Mechanics' Fall TNM; G/2"]
[Site "San Francisco"]
[Date "2016.11.15"]
[Round "5.5"]
[White "Hakobyan, Sos"]
[Black "Bayaraa, Chinguun"]
[Result "0-1"]
[WhiteElo "1879"]
[BlackElo "2086"]
[PlyCount "96"]
[EventDate "2016.??.??"]

1. e4 c5 2. Nf3 d6 3. d4 cxd4 4. Qxd4 Nc6 5. Bb5 a6 6. Bxc6+ bxc6 7. h3 e5 8.
Qd3 h6 9. O-O Nf6 10. c4 a5 11. Re1 Qc7 12. Nc3 Be6 13. b3 Be7 14. Ba3 O-O 15.
Rad1 Rad8 16. Rd2 Nh5 17. Qf1 Nf4 18. Ne2 Nxe2+ 19. Qxe2 f5 20. exf5 Bxf5 21.
Nxe5 dxe5 22. Rxd8 Qxd8 23. Bxe7 Qxe7 24. Qxe5 Qa7 25. c5 Qf7 26. f3 Rd8 27.
Qc3 Qc7 28. Kf2 Rd5 29. Re8+ Kh7 30. Ra8 Qf4 31. Re8 Qh4+ 32. Kf1 Qb4 33. Qxb4
axb4 34. Rb8 Bd3+ 35. Kf2 Bb5 36. Rf8 Rxc5 37. Rf4 Rc2+ 38. Kg3 c5 39. Rf5 Bf1
40. Kf4 Bxg2 41. h4 Rc3 42. Ke4 Rxf3 43. Rxf3 Kg6 44. Ke3 Bxf3 45. Kxf3 Kf5 46.
Kg3 g5 47. h5 g4 48. Kh4 Kf4 0-1

[Event "Mechanics' Fall TNM; G/2"]
[Site "San Francisco"]
[Date "2016.11.01"]
[Round "3.26"]
[White "Hakobyan, Sos"]
[Black "Cunningham, Charles"]
[Result "1-0"]
[WhiteElo "1879"]
[BlackElo "1524"]
[PlyCount "23"]
[EventDate "2016.??.??"]

1. e4 e5 2. Nf3 Nc6 3. Bc4 a6 4. O-O Bc5 5. c3 h6 6. d4 exd4 7. cxd4 Bb6 8. d5
Na5 9. Bd3 d6 10. b4 Bg4 11. bxa5 Bd4 12. Qa4+ 1-0

[Event "Mechanics' Winter TNM; G/2"]
[Site "San Francisco"]
[Date "2016.01.19"]
[Round "3.19"]
[White "Hakobyan, Sos"]
[Black "Malykin, Erika"]
[Result "1/2-1/2"]
[WhiteElo "1886"]
[BlackElo "1596"]
[Annotator "Donaldson"]
[PlyCount "153"]
[EventDate "2016.??.??"]

1. Nf3 e6 2. g3 Nc6 3. Bg2 Nf6 4. O-O d5 5. d3 b6 6. Nbd2 Bb7 7. Re1 Be7 8. e4
dxe4 9. dxe4 h6 10. c3 O-O 11. Qe2 e5 12. b4 Bd6 13. a4 Ne7 14. a5 a6 15. axb6
cxb6 16. Nc4 Nxe4 17. Qd3 Bc7 18. Nfxe5 Bxe5 19. Nxe5 Nd6 20. Bxb7 Nxb7 21. Qe4
Qd5 22. Qxd5 Nxd5 23. Nd7 Rfd8 24. Ne5 Nxc3 25. Be3 Nd5 26. Nc4 Nxb4 27. Nxb6
Nc2 28. Nxa8 Nxa1 29. Nc7 Nc2 30. Rb1 Nxe3 31. fxe3 Nc5 32. Ra1 Rd3 33. Kf2
Ne4+ 34. Kf3 Ng5+ 35. Ke2 Rb3 36. h4 Ne4 37. Kf3 Nd2+ 38. Ke2 Ne4 39. Nd5 a5
40. Ra4 Rb2+ 41. Kf3 Nd2+ 42. Kf4 Rb5 43. e4 Nb3 44. Ne7+ Kh7 45. Nc6 f6 46.
Ne7 Nc5 47. Ra2 Rb4 48. Re2 a4 49. Nd5 Ne6+ 50. Ke3 Rb3+ 51. Kf2 Nd4 52. Ra2 a3
53. h5 Rb2+ 54. Rxb2 axb2 55. Nc3 Nb5 56. Nb1 g6 57. g4 Nd6 58. Kf3 g5 59. Ke3
Kg7 60. Kd4 Kf7 61. Kd5 Ke7 62. e5 Nf7 63. exf6+ Kxf6 64. Kd4 Ne5 65. Kc3 Nxg4
66. Kxb2 Kf5 67. Kc2 Nf6 68. Kd1 Nxh5 69. Ke2 Nf4+ 70. Kf3 h5 71. Nd2 h4 72.
Nf1 g4+ 73. Kf2 Ke4 74. Nd2+ Kd3 75. Nf1 {Diagram #} g3+ $2 (75... Nh3+ 76. Kg2
Ke2 77. Nh2 Nf4+ 78. Kg1 g3 79. Ng4 h3 80. Ne5 h2+ 81. Kh1 Nh3 82. Kg2 h1=Q+
83. Kxh1 Kf1 84. Nd3 g2+ 85. Kh2 g1=Q+) 76. Nxg3 hxg3+ 77. Kxg3 1/2-1/2